000
00170 a2200085 4500
020
_a
9788484411741
100
_a
ARTEMIS FOWL
245
_a
ENCUENTRO EN EL ARTICO
942
_c
BK
999
_c
2741
_d
2741